LIBRARY & INFORMATION CENTRE, KCAET, TAVANUR

ONLINE PUBLIC ACCESS CATALOGUE (OPAC)

Normal view MARC view
  • Bhaskar, Sindhu

Entry Personal Name

Number of records used in: 1

001 - CONTROL NUMBER

  • control field: 6131

003 - CONTROL NUMBER IDENTIFIER

  • control field: OSt

005 - DATE AND TIME OF LATEST TRANSACTION

  • control field: 20240312121159.0

008 - FIXED-LENGTH DATA ELEMENTS

  • fixed length control field: 240312|| aca||aabn | a|a d

040 ## - CATALOGING SOURCE

  • Original cataloging agency: OSt
  • Transcribing agency: OSt

100 ## - HEADING--PERSONAL NAME

  • Personal name: Bhaskar, Sindhu

670 ## - SOURCE DATA FOUND

  • Source citation: Work cat.: (OSt)18076: Ranjisha K 4694, Soft robotic pineapple gripper /
free website counter